000 00495nam a2200181Ia 4500
008 090123s9999 xx 000 0 und d
082 _b38252
100 _aराऊत संजय
245 _aगरुड नजर
250 _a1
260 _bमनोरमा प्रकाशन
_c2005
300 _a348
600 _aराऊत संजय
630 _aगरुड नजर
700 _aराऊत संजय
730 _aगरुड नजर
942 _cBOOK
999 _c76322
_d76322